<?xml version="1.0" encoding="UTF-8"?>
<collection xmlns="http://www.loc.gov/MARC21/slim">
    <record>
        <controlfield tag="001">36750</controlfield>
        <controlfield tag="005">20210121082858.0</controlfield>
        <datafield tag="024" ind1="7" ind2=" ">
            <subfield code="2">doi</subfield>
            <subfield code="a">10.1007/s00605-015-0736-5</subfield>
        </datafield>
        <datafield tag="024" ind1="8" ind2=" ">
            <subfield code="2">sideral</subfield>
            <subfield code="a">90661</subfield>
        </datafield>
        <datafield tag="037" ind1=" " ind2=" ">
            <subfield code="a">ART-2015-90661</subfield>
        </datafield>
        <datafield tag="041" ind1=" " ind2=" ">
            <subfield code="a">eng</subfield>
        </datafield>
        <datafield tag="100" ind1=" " ind2=" ">
            <subfield code="a">Ayuso, Pedro</subfield>
        </datafield>
        <datafield tag="245" ind1=" " ind2=" ">
            <subfield code="a">A von Staudt-type result for $\displaystyle{\sum_{z\in\mathbb{Z}_n[i]} z^k }$</subfield>
        </datafield>
        <datafield tag="260" ind1=" " ind2=" ">
            <subfield code="c">2015</subfield>
        </datafield>
        <datafield tag="506" ind1="0" ind2=" ">
            <subfield code="a">Access copy available to the general public</subfield>
            <subfield code="f">Unrestricted</subfield>
        </datafield>
        <datafield tag="520" ind1="3" ind2=" ">
            <subfield code="a">n this paper we study the sum of powers of the Gaussian integers Gk(n):=¿a,b¿[1,n](a+bi)k. We give an explicit formula for Gk(n)(modn) in terms of the prime numbers p=3(mod4) with p||n and p-1|k, similar to the well known one due to von Staudt for ¿ni=1ik(modn). We apply this result to study the set of integers n which divide Gn(n) and compute its asymptotic density with six exact digits: 0.971000….</subfield>
        </datafield>
        <datafield tag="540" ind1=" " ind2=" ">
            <subfield code="9">info:eu-repo/semantics/openAccess</subfield>
            <subfield code="a">by-nc-nd</subfield>
            <subfield code="u">http://creativecommons.org/licenses/by-nc-nd/3.0/es/</subfield>
        </datafield>
        <datafield tag="590" ind1=" " ind2=" ">
            <subfield code="a">0.664</subfield>
            <subfield code="b">2015</subfield>
        </datafield>
        <datafield tag="591" ind1=" " ind2=" ">
            <subfield code="a">MATHEMATICS</subfield>
            <subfield code="b">131 / 312 = 0.42</subfield>
            <subfield code="c">2015</subfield>
            <subfield code="d">Q2</subfield>
            <subfield code="e">T2</subfield>
        </datafield>
        <datafield tag="592" ind1=" " ind2=" ">
            <subfield code="a">0.855</subfield>
            <subfield code="b">2015</subfield>
        </datafield>
        <datafield tag="593" ind1=" " ind2=" ">
            <subfield code="a">Mathematics (miscellaneous)</subfield>
            <subfield code="c">2015</subfield>
            <subfield code="d">Q2</subfield>
        </datafield>
        <datafield tag="655" ind1=" " ind2="4">
            <subfield code="a">info:eu-repo/semantics/article</subfield>
            <subfield code="v">info:eu-repo/semantics/acceptedVersion</subfield>
        </datafield>
        <datafield tag="700" ind1=" " ind2=" ">
            <subfield code="a">Grau, José María</subfield>
        </datafield>
        <datafield tag="700" ind1=" " ind2=" ">
            <subfield code="0">(orcid)0000-0002-8191-3199</subfield>
            <subfield code="a">Oller Marcén, Antonio M.</subfield>
        </datafield>
        <datafield tag="773" ind1=" " ind2=" ">
            <subfield code="g">178, 3 (2015), 345-359</subfield>
            <subfield code="p">Mon.hefte Math.</subfield>
            <subfield code="t">MONATSHEFTE FUR MATHEMATIK</subfield>
            <subfield code="x">0026-9255</subfield>
        </datafield>
        <datafield tag="856" ind1="4" ind2=" ">
            <subfield code="s">263082</subfield>
            <subfield code="u">http://zaguan.unizar.es/record/36750/files/texto_completo.pdf</subfield>
            <subfield code="y">Postprint</subfield>
        </datafield>
        <datafield tag="856" ind1="4" ind2=" ">
            <subfield code="s">33630</subfield>
            <subfield code="u">http://zaguan.unizar.es/record/36750/files/texto_completo.jpg?subformat=icon</subfield>
            <subfield code="x">icon</subfield>
            <subfield code="y">Postprint</subfield>
        </datafield>
        <datafield tag="909" ind1="C" ind2="O">
            <subfield code="o">oai:zaguan.unizar.es:36750</subfield>
            <subfield code="p">articulos</subfield>
            <subfield code="p">driver</subfield>
        </datafield>
        <datafield tag="951" ind1=" " ind2=" ">
            <subfield code="a">2021-01-21-08:14:20</subfield>
        </datafield>
        <datafield tag="980" ind1=" " ind2=" ">
            <subfield code="a">ARTICLE</subfield>
        </datafield>
    </record>

    
</collection>